000 00430nam a2200145Ia 4500
008 100415s9999 xx 000 0 und d
082 _b10659
_a627.5
100 _aOlivier Henry
245 _aIrrigation and Water Resources Engineering
260 _aLONDON
_c1972
_bEDWARD ARNOLD
365 _b0
630 _aIrrigation and Water Resources Engineering
730 _aIrrigation and Water Resources Engineering
942 _cBOOK
999 _c593585
_d593582